NBA 1990 Playoffs Starters - Statistics

General Stats
  • This quiz has been taken 550 times
  • The average score is 46 of 80
Answer Stats
Team Player % Correct
Pistons Isiah Thomas
99%
Lakers Magic Johnson
98%
Bulls Michael Jordan
97%
Rockets Buck Johnson
96%
Celtics Dennis Johnson
96%
Jazz Karl Malone
96%
Suns Kevin Johnson
96%
Bulls Scottie Pippen
96%
Jazz John Stockton
95%
Celtics Larry Bird
95%
Knicks Patrick Ewing
94%
76ers Charles Barkley
93%
Spurs David Robinson
93%
Pistons Joe Dumars
93%
Trail Blazers Clyde Drexler
92%
Rockets Hakeem Olajuwon
92%
Pacers Reggie Miller
92%
Pistons Bill Laimbeer
91%
Pistons Dennis Rodman
91%
Celtics Kevin McHale
91%
Celtics Robert Parish
88%
Lakers James Worthy
87%
Bulls Horace Grant
85%
Cavaliers Mark Price
85%
Bulls Bill Cartwright
76%
Lakers A.C. Green
74%
Bulls John Paxson
74%
Nuggets Alex English
73%
Cavaliers Brad Daugherty
72%
Mavericks Derek Harper
72%
Knicks Charles Oakley
71%
Jazz Mark Eaton
70%
Lakers Byron Scott
68%
Trail Blazers Terry Porter
67%
Pacers Rik Smits
66%
Trail Blazers Buck Williams
65%
Cavaliers Larry Nance
65%
Suns Jeff Hornacek
63%
Mavericks Rolando Blackman
59%
Knicks Maurice Cheeks
58%
Bucks Fred Roberts
57%
Rockets Otis Thorpe
54%
Suns Tom Chambers
54%
Spurs Sean Elliott
53%
Bucks Alvin Robertson
52%
Nuggets Fat Lever
51%
Pistons James Edwards
50%
Trail Blazers Kevin Duckworth
50%
Cavaliers Craig Ehlo
48%
Trail Blazers Jerome Kersey
47%
Rockets Vernon Maxwell
47%
Celtics Reggie Lewis
45%
76ers Rick Mahorn
45%
Spurs Terry Cummings
43%
Lakers Mychal Thompson
41%
76ers Hersey Hawkins
40%
Mavericks James Donaldson
37%
Suns Mark West
37%
Mavericks Sam Perkins
33%
Pacers Detlef Schrempf
32%
Bucks Jack Sikma
32%
Knicks Gerald Wilkins
31%
Suns Kurt Rambis
31%
Pacers Chuck Person
29%
Knicks Kiki Vandeweghe
29%
Nuggets Michael Adams
28%
76ers Johnny Dawkins
27%
Spurs Willie Anderson
22%
Spurs Rod Strickland
20%
Mavericks Roy Tarpley
20%
Rockets Sleepy Floyd
20%
Pacers Vern Fleming
17%
76ers Mike Gminski
16%
Jazz Thurl Bailey
15%
Bucks Jay Humphries
13%
Nuggets Joe Barry Carroll
9%
Bucks Brad Lohaus
8%
Jazz Bob Hansen
7%
Nuggets Jerome Lane
5%
Cavaliers Winston Bennett
4%
No matching quizzes found
Score Distribution
Percent of People with Each Score
Percentile by Number Answered
Your Score History
You have not taken this quiz